POLICY and legislation in community forestry : proceedings of a workshop held in Bangkok, Jan. 27-29, 1993

Bibliographic Details
Other Authors: Warner, Wood
Format: Book
Published: Bangkok : RECOFTC , 1993
Series:RECOFTC report ; 11
Subjects:

MARC

LEADER 00000cam a2200000 7i4500
001 0000002271
005 20030422.0
090 0 0 |a 333.7515   |b POL 1993 
245 0 0 |a POLICY and legislation in community forestry :   |b proceedings of a workshop held in Bangkok, Jan. 27-29, 1993   |c edited by Katherine Warner, Henry Wood 
260 0 0 |a Bangkok :   |b RECOFTC ,   |c 1993 
300 |a x, 240 p. :   |b ill. ;   |c 29 cm. 
440 0 0 |a RECOFTC report ; 11 
650 0 0 |a Community forestry   |x Law and legislation   |z Asia   |x Congresses 
650 0 0 |a Community forestry   |x Law and legislation   |z Pacific Area   |x Congresses 
650 0 0 |a Community forests 
700 0 1 |a Warner   |h Katherine 
700 0 1 |a Wood   |h Henry 
998 |a JPSM 
999 |a 0000003978   |b Monograph   |c Open Shelf   |e Default branch